000 00728cam a22001577a 4500
008 180718b2001 xxu||||| |||| 00| 0 eng d
082 _aQ39x54 P941
245 _aProceedings of the Asian GPS conference (29-30 October 2001: India International Centre, New Delhi)
_cby Centre for Spatial Database Management and Solutions
260 _aNoida
_bCSDMS
_c2001
300 _a157p.
700 _aIndia. Ministry of Information Technology. Department of Science and Technology
700 _aAsian Institute of Technology, Bangkok
700 _aAsian Association on Remote Sensing (AARS)
700 _aAsian Remote Sensing Research Information Network (ARSRIN)
700 _aCentre for Spatial Database Management and Solutions, Noida
999 _c486143
_d486143